Normal view
MARC view
Entry Topical Term
001 - CONTROL NUMBER
- control field: 9202
003 - CONTROL NUMBER IDENTIFIER
- control field: BD-RjUL
005 - DATE AND TIME OF LATEST TRANSACTION
- control field: 20230925151144.0
008 - FIXED-LENGTH DATA ELEMENTS
- fixed length control field: 230925|| aca||aabn | a|a d
040 ## - CATALOGING SOURCE
- Original cataloging agency: BD-RjUL
- Transcribing agency: BD-RjUL
150 ## - HEADING--TOPICAL TERM
- Topical term or geographic name entry element: Political process
- Form subdivision: Politocal Campaign
670 ## - SOURCE DATA FOUND
- Source citation: Work cat.: (BD-RjUL)81991: Saker, Dipayon 9200, Use of Social Media for Politocal Campaign :, 2019